000 00659nam a2200265Ia 4500
003 OSt
005 20221007095023.0
006 a|||||r|||| 00| 0
007 ta
008 221006b |||||||| |||| 00| 0 eng d
020 _a8175341538
024 _a660
037 _cTextual
040 _aLCO
_cLCO
_beng
041 _2eng
_aeng
082 _aZk, N8
100 _aHarris B
_9700658
245 0 _aLiterature of the Law
250 _a1st
260 _aDelhi
_bUniversal Law Publishing Company
_c1998
300 _a340
650 _aLITERATURE OF THE LAW
_9700659
942 _hZk, N8
_cTEXL
999 _c1170223
_d1170223